| 000 | 00477nam a2200169 a 4500 | ||
|---|---|---|---|
| 001 | 5498 | ||
| 003 | CDMR | ||
| 005 | 20131024125604.0 | ||
| 008 | 130130s1990||||||||||||||||||||||||||||d | ||
| 040 |
_aCDMR _bcat _cCDMR |
||
| 245 | 0 | 0 |
_aRadio y sociedad _b: cursos de verano, El Escorial, 1989 |
| 260 |
_a[Madrid _c1990 _bUniversidad Complutense] |
||
| 300 |
_a121 p ; _c24 cm |
||
| 650 | 0 | 4 |
_aRadiodifusió _zEspanya _91720 |
| 650 | 0 | 4 |
_aRàdio _92801 _xAspectes socials |
| 942 |
_cMON _2udc |
||
| 999 |
_c5498 _d5498 |
||